Flags of Europe in 1243 - Statistics

General Stats
  • This quiz has been taken 127 times
    62 since last reset
  • The average score is 13 of 33
Answer Stats
Picture Answer % Correct
Kingdom of Denmark
83%
Kingdom of France
83%
Crown of Aragon
81%
Duchy of Poland
81%
Kingdom of Hungary
81%
Kingdom of England
74%
Duchy of Lithuania
69%
Mongol Empire
67%
Republic of Venice
67%
Crown of Castile
60%
Kingdom of Portugal
60%
Papal States
55%
Kingdom of Norway
52%
Kingdom of Sweden
48%
Kingdom of Scotland
45%
Teutonic State
45%
Emirate of Granada
36%
Latin Empire
26%
Second Bulgarian Empire
21%
Sultanate of Rûm
19%
Empire of Trebizond
17%
Kingdom of Serbia
14%
Empire of Nicaea
12%
Armenian Kingdom of Cilicia
10%
Despotate of Epirus
10%
Holy Roman Empire
10%
Icelandic Commonwealth
10%
Judicate of Arborea
7%
Duchy of Athens
5%
Duchy of the Archipelago
2%
Judicate of Torres
2%
Principality of Achaea
2%
Principality of Polotsk
2%
No matching quizzes found
Score Distribution
Percent of People with Each Score
Percentile by Number Answered
Your Score History
You have not taken this quiz since the last reset